Central Library OPAC University of Rajshahi

Innocent, her fancy and his fact : (Record no. 80719)

MARC details
000 -LEADER
fixed length control field 00705nam a2200229 a 4500
001 - CONTROL NUMBER
control field 80719
003 - CONTROL NUMBER IDENTIFIER
rucl marc code BD-RjUL
005 - DATE AND TIME OF LATEST TRANSACTION
control field 20221106104526.0
008 - FIXED-LENGTH DATA ELEMENTS--GENERAL INFORMATION
fixed length control field 221106s1914 enkcf 000 1 eng d
035 ## - SYSTEM CONTROL NUMBER
System control number (BD-RjUL)80719
040 ## - CATALOGING SOURCE
Original cataloging agency IUL
Transcribing agency IUL
Modifying agency m.c
-- BD-RjUL
Language of cataloging eng
041 ## - LANGUAGE CODE
Language code of text/sound track or separate title eng
082 ## - DEWEY DECIMAL CLASSIFICATION NUMBER
Edition number 23
Classification number 823.8
Author mark and year COI 1914
100 1# - MAIN ENTRY--PERSONAL NAME
Personal name Corelli, Marie,
Dates associated with a name 1855-1924.
9 (RLIN) 5727
245 10 - TITLE STATEMENT
Title Innocent, her fancy and his fact :
Remainder of title a novel /
Statement of responsibility, etc. by Marie Corelli
260 ## - PUBLICATION, DISTRIBUTION, ETC. (IMPRINT)
Place of publication, distribution, etc. London :
Name of publisher, distributor, etc. Hodder and Stoughton,
Date of publication, distribution, etc. 1914
300 ## - PHYSICAL DESCRIPTION
Pagination vii, 432 p., [1] leaf of plates :
Illustrations ill.;
Size 20 cm.
500 ## - GENERAL NOTE
General note First edition cited in NCBEL III, 1043
650 ## - SUBJECT ADDED ENTRY--TOPICAL TERM
Topical term or geographic name as entry element Romance fiction
9 (RLIN) 5728
Topical term or geographic name as entry element English fiction
942 ## - ADDED ENTRY ELEMENTS (KOHA)
Source of classification or shelving scheme Dewey Decimal Classification
Koha item type Books
Holdings
Lost status Source of classification or shelving scheme Damaged status Not for loan Collection code Permanent Location Current Location Shelving location Date acquired Total Checkouts Full call number Date last seen Copy number Koha item type
  Dewey Decimal Classification   Not For Loan Fiction Central Library, University of Rajshahi Central Library, University of Rajshahi Reading Room 06/11/2022   823.8 COI 1914 06/11/2022 C-1 Books